000 00329nam a2200133Ia 4500
008 150201s2010 xx 000 0 und d
082 _a617.51
_bH10C
100 _aCORBRIDGE,ROGAN
245 _aOXFORD HAND BOOK OF ENT&HEAD,NECK SURGERY
250 _a2ND
260 _bOXFORD
_aNEW YORK
_c2010
650 _aE.N.T.
942 _2ddc
_cBK
999 _c807
_d807